000 00965nam a2200253Ia 4500
003 OSt
005 20221005112542.0
006 a|||||r|||| 00| 0
007 ta
008 221004b |||||||| |||| 00| 0 pan d
020 _a9789350682401 (hbk)
_c295
024 _a11610
037 _b814, 13/03/2014, H.K. Prakashan
_cTextual
040 _aCRL
_cCRL
_bpan
041 _2pan
_apan
082 _aO153,3NBAL:g, Q3
100 _aਸੰਧੂ, ਗੁਰਜੀਤ ਸਿੰਘ, ਥਦ.
245 0 _aਬਲਦੇਵ ਸਿੰਘ ਦੇ ਇਤਿਹਾਸਕ ਨਾਵਲਾਂ ਦਾ ਵਰਤਮਾਨ ਪ੍ਰਸੰਗ
260 _aਚੰਡੀਗੜ
_bਲੋਕਗੀਤ ਭਾਰਤ
_c2013
300 _a184ਪੰ
_ccm.
650 _aਪੰਜਾਬੀ ਸਾਹਿਤ
942 _hO153,3NBAL:g, Q3
_cTEXL
_2cc
999 _c1025225
_d1025225